000 00277nam a22001217a 4500
003 SGT
082 _a158.3
_bE13L
100 _aLANGDRIDGE, DARREN
245 _aEXISTENTIAL COUNSELLING & PSYCHOTHERAPY
260 _aANGELES
_bSAGE
_c2013
300 _a159
942 _2ddc
_cBK
_03
999 _c15039
_d15039